Animali dalle loro uova - Statistics

Statistiche generali
  • Questo quiz è stato fatto 76 volte
  • Il punteggio medio è 6 su 16
Statistiche sulle risposte
con Immagini Risposta % Corretto
uovo di gallina
100%
uovo di struzzo
98%
uova di quaglia
87%
uovo di anatra
48%
uovo di fagiano
38%
uova di corvo
33%
uova di rondine
33%
uova di pettirosso
30%
uovo di passero
30%
uova di civetta
29%
uovo di kiwi
24%
uova di cinciallegra
13%
uova di usignolo
10%
uov di beccaccia
10%
uova di fringuello
8%
uova di ghiandaia
6%
Nessun quiz corrispondente trovato
Distribuzione punteggi
Percentuale di utenti per punteggio
Percentile per numero di risposta
I tuoi punteggi nel tempo
Non hai fatto questo quiz